00666nam a2200181Ia 4500008004000000020001800040082001700058100002400075245007500099250000500174260004400179300001000223650003800233690001900271906001000290999001900300952016500319210210b2000 xxu||||| |||| 00| 0 eng d a81 7515 323 7 a378.002 BLEB aBLEIFELD (Maurice). aBaron's how to prepare for the SAT II: biology and biology E/M. Ed 12. a aNew Delhi.bGalgotia Publishers.,c2000 av,394 aSAT II Biology SAT SAT biology  aHigher Educati aSG035 c114362d114362 001040708EducationaALbALcEducationd2021-02-17eHigginbothams (P) Ltd., Mangalore-01.g0.00l0o378.002 BLEBpSG03581r2021-02-17 00:00:00w2021-02-17ySG